NFL Team 2nd Most Passing Yards in a Game - Statistics

General Stats
  • This quiz has been taken 39 times
  • The average score is 20 of 32
Answer Stats
Team Yards Player % Correct
NYG 510 Eli Manning
97%
DET 488 Matthew Stafford
97%
DEN 479 Peyton Manning
97%
LAR 517 Jared Goff
94%
NOS 505 Drew Brees
87%
NEP 466 Tom Brady
87%
DAL 502 Dak Prescott
84%
PIT 506 Ben Roethlisberger
81%
BUF 424 Josh Allen
77%
KAN 478 Patrick Mahomes
77%
HOU 497 Matt Schaub
74%
ATL 460 Matt Schaub
74%
LAC 455 Philip Rivers
74%
SFF 462 Steve Young
74%
MIN 460 Kirk Cousins
71%
WAS 458 Kirk Cousins
71%
IND 464 Andrew Luck
68%
MIA 473 Dan Marino
61%
LVR 437 Derek Carr
61%
PHI 464 Donovan McNabb
61%
ARI 484 Kurt Warner
61%
SEA 449 Matt Hasselbeck
61%
JAX 430 Blake Bortles
58%
CIN 490 Boomer Esiason
58%
NYJ 481 Vinny Testaverde
45%
TBB 469 Vinny Testaverde
45%
BAL 429 Vinny Testaverde
45%
CLE 444 Brian Sipe
42%
GBP 480 Matt Flynn
26%
CAR 423 Chris Weinke
13%
TEN 492 Billy Volek
10%
CHI 466 Billy Wade
6%
No matching quizzes found
Score Distribution
Percent of People with Each Score
Percentile by Number Answered
Your Score History
You have not taken this quiz